000 00418nam a2200181Ia 4500
001 4695
005 20260306145814.0
008 260306t2009||||xx |||||||||||||| ||spa||
041 _aESP
082 _a330
_bS17
100 _aSalmerón, Víctor
_eAUT
245 0 _aLa gran depresión del 2009
260 _c2009
300 _a141 páginas :
_c23 cm.
650 _aGEN
654 _aCAN
942 _cLIB
_dJUS
_fJUS
_2ddc
_n
999 _c4695
_d4695